000
00256nam a2200109Ia 4500
008
240625s9999 xx 000 0 und d
041
_a
eng
082
_a
658.4012 GRA
100
_a
GRANT ROBERT M
245
_a
CONTEMPORARY STRATEGY ANALYSIS
260
_c
2014
999
_c
40380
_d
40380